|
|
|
|
| LEADER |
00000cam a2200000 i 4500 |
| 001 |
1/30302 |
| 008 |
060526q19601970nyu| ||| |||| ||eng|| |
| 020 |
|
|
|a 0517025302
|q (χαρτόδετο)
|
| 035 |
|
|
|l 10084113
|
| 040 |
|
|
|a GR-MyUa
|b gre
|e AACR2
|
| 041 |
1 |
|
|a eng
|h ger
|
| 082 |
7 |
|
|a 530.11
|2 (22)
|
| 100 |
1 |
|
|a Einstein, Albert,
|d 1879-1955.
|
| 245 |
1 |
0 |
|a Relativity :
|b the special and the general theory : a popular exposition /
|c by Albert Einstein ; authorised translation by Robert W. Lawson.
|
| 260 |
|
|
|a New York :
|b Crown,
|c [19--;]
|
| 300 |
|
|
|a ix, 164 σ. ;
|c 221 εκ.
|
| 504 |
|
|
|a Βιβλιογραφία: σ. 158-159.
|
| 500 |
|
|
|a Τίτλος πρωτοτύπου: Uber die spezielle und die allgemeine Relativittstheorie.
|
| 650 |
|
0 |
|a Relativity (Physics)
|
| 700 |
1 |
|
|a Lawson, Robert W.,
|d 1959-
|e trl
|
| 852 |
|
|
|a INST
|b RHODES
|c KRI
|e 20060526
|h 530.11 EIN
|p 005400020758
|q 005400020758
|t BK
|y 0
|
| 901 |
|
|
|a BIBL4-2006-2
|
| 970 |
|
|
|a Κόζα
|b Μαρία
|z 2006/05/26
|